00933nam a22002297a 4500999001700000003000900017008004100026040007100067082001600138100001800154245005300172260004100225300002800266440003500294505016400329650001800493650002100511650003800532942001600570945002100586952009600607 c17063d17063AR-CdUCM190507b ||||| |||| 00| 0 spa d aMUNICIPALIDAD PROVINCIAL DEL CUSCOcBIBLIOTECA MUNICIPAL DEL CUSCO a901 /bA769 aAron, Raymond aIntroducción a la filosofía de la historia / aBuenos Aires :bEdit. Losada,c1946. a566 páginas ;c18 cm. aBiblioteca filosófica915046 aContenido: El pasado y el concepto de la historia -- EL devenir humano y la comprensión histórica -- El determinismo histórico y el pensamiento causal... aHistoria9136 aFilosofía9395 aManuscritos y libros raros936886 2ddccLIBROS adavvd07/05/2019 002ddc4070aSHbSHcCARTd2019-05-07g50.00o901 / A769pSH0000012218r2019-05-07yLIBROS